| 000 | 01687cab a2200289 4500 | ||
|---|---|---|---|
| 001 | ABS44624 | ||
| 008 | 090401t1991 xxu||||| |||| 00| 0 eng d | ||
| 035 | _a(Sirsi) u48069 | ||
| 041 | _aeng | ||
| 245 | _aComputer and Systems Engineering plc v John Lelliott (Ilford) Limited and another | ||
| 260 | _c1991 | ||
| 350 | _a0 | ||
| 490 |
_aConstruction Industry Law Letter _v1991 CILL 673-675(3) |
||
| 520 | _aCA 5 December 1990. A company C employed another company J to carry out alteration and fitting out works for them. The main contract was JCT 1980 Private edition without quantities . Part of the work involved installing 140 steel purlins in and the work was subcontracted to S under a similar contract. During the work a purlin fell breaking a pipe forming part of the fire protection sprinkler system . This discharged 1,600 gallons of water which seeped through the floor onto C`s property stored below causing £164,000 of damage. C claimed damages and interest from J and S. It was claimed this loss arose from a peril which under JCT 1980 clause 22C of the main contract was C`s sole risk. However the judge held that the event in question was not a clause 22 peril. S appealed, this was dismissed as the event did not constitute a ` flood ` or `bursting and overflowing` within the meaning of the clause. | ||
| 650 | _aALTERATIONS | ||
| 650 | _aBUILT ENVIRONMENT-BUILDING CONTRACT FORMS | ||
| 650 | _aBURST PIPES | ||
| 650 | _aCASE PLC | ||
| 650 | _aCLAIMS | ||
| 650 | _aCLAUSE 22 PERILS | ||
| 650 | _aFLOODING | ||
| 650 | _aLAW CASE | ||
| 650 | _aSUBCONTRACTORS | ||
| 690 | _aBUILDING AND CONSTRUCTION-CASE LAW | ||
| 942 | _n0 | ||
| 948 | _c04/03/1997 | ||
| 999 |
_c30207 _d30207 |
||